रणांगण (Record no. 354967)

MARC details
000 -LEADER
fixed length control field 00825nam a2200241Ia 4500
003 - CONTROL NUMBER IDENTIFIER
control field OSt
005 - DATE AND TIME OF LATEST TRANSACTION
control field 20220923222259.0
008 - FIXED-LENGTH DATA ELEMENTS--GENERAL INFORMATION
fixed length control field 220922b |||||||| |||| 00| 0 hin d
037 ## - SOURCE OF ACQUISITION
Terms of availability Textual
040 ## - CATALOGING SOURCE
Original cataloging agency ARTS
Transcribing agency ARTS
Language of cataloging hin
041 ## - LANGUAGE CODE
Source of code hin
Language code of text/sound track or separate title hin
100 ## - MAIN ENTRY--PERSONAL NAME
Personal name बेडेकर, विश्राम; मोहोलकर, माधव, अनु.
9 (RLIN) 166564
245 #0 - TITLE STATEMENT
Title रणांगण
246 ## - VARYING FORM OF TITLE
Title proper/short title Raṇāangaṇa
260 ## - PUBLICATION, DISTRIBUTION, ETC.
Date of publication, distribution, etc. 1969
490 ## - SERIES STATEMENT
Series statement ज्ञानपीठ लोकोदय ग्रंथमाला; 284
942 ## - ADDED ENTRY ELEMENTS (KOHA)
Classification part O155:3NO6:1, 152K9
Koha item type Textual
Source of classification or shelving scheme Colon Classification (CC)
Holdings
Withdrawn status Lost status Damaged status Not for loan Home library Current library Date acquired Total Checkouts Full call number Barcode Date last seen Price effective from Koha item type
        Arts Library Arts Library 2022-09-23   O155:3NO6:1 152K9 AL0345102 2022-09-23 2022-09-23 Textual
Copyright @ Delhi University Library System